| 000 | 00334nam a22001217a 4500 | ||
|---|---|---|---|
| 082 |
_a641.5 _bSTE _cL-NUST, P-40 |
||
| 100 |
_aStewart jilian _946872 |
||
| 245 | _aChinese vegetarian cooking | ||
| 260 |
_aLondon _bTiger Books international _c1993 |
||
| 300 |
_ap-64 _bill |
||
| 526 |
_a0 _b0 _c0 _d641_500000000000000_STE |
||
| 942 |
_2ddc _cBK |
||
| 999 |
_c550122 _d550122 |
||